[Event "ARM-ch 66th"]
[Site "Yerevan"]
[Date "2006.03.17"]
[Round "2"]
[White "Petrosian, Tigran L"]
[Black "Yegiazarian, Arsen"]
[Result "0-1"]
[WhiteElo "2558"]
[BlackElo "2531"]
[Annotator "Mueller,Karsten"]
[PlyCount "131"]
[EventDate "2006.03.16"]
[EventType "tourn"]
[EventRounds "9"]
[EventCountry "ARM"]
[EventCategory "11"]
[SourceTitle "CBM 112"]
[Source "ChessBase"]
[SourceDate "2006.06.07"]
[SourceVersion "1"]
[SourceVersionDate "2006.06.07"]
[SourceQuality "1"]

1. d4 Nf6 2. Nf3 e6 3. c4 d5 4. Nc3 c6 5. e3 Nbd7 6. Bd3 dxc4 7. Bxc4 b5 8. Bd3
b4 9. Ne4 Nxe4 10. Bxe4 Bb7 11. O-O Bd6 12. Qc2 Rc8 13. b3 Nf6 14. Bb2 Nxe4 15.
Qxe4 Qe7 16. Qg4 O-O 17. Rac1 f5 18. Qg5 Qxg5 19. Nxg5 Rfe8 20. Rfd1 a5 21. Nf3
c5 22. dxc5 Bxc5 23. Rd7 Re7 24. Rd2 Rec7 25. Be5 Bd6 26. Rxc7 Rxc7 27. h4 Bxe5
28. Rd8+ Kf7 29. Nxe5+ Ke7 30. Rb8 Bd5 31. Rb5 Rc1+ 32. Kh2 Rc2 33. Rxa5 Rxf2
34. Ra7+ Kd6 35. Nc4+ Bxc4 36. bxc4 h6 37. a3 b3 38. Rb7 b2 39. a4 Rc2 40. a5
Rxc4 41. Kh3 Rc3 42. Rxb2 Rxe3+ 43. Kh2 Ra3 44. Rb7 g5 45. h5 Rxa5 46. Rh7 Ke5
47. Rxh6 f4 48. Rh8 g4 $1 {Gegen die aktiven schwarzen Kräfte hat Weiß keine
Chance:} 49. h6 Ke4 50. h7 Rh5+ (50... Ra7 $5 {ist noch einfacher.}) 51. Kg1 e5
52. Rg8 Rxh7 53. Rxg4 Ke3 54. Rg5 e4 55. Ra5 Rd7 56. Re5 (56. Ra3+ Rd3 57. Ra1
f3 58. gxf3 Kxf3 59. Rf1+ Kg3 60. Ra1 e3 61. Kf1 Kf3 62. Ke1 Rb3 63. Kd1 Rb2
$19) 56... Rd4 57. Re8 Ke2 58. Ra8 e3 59. Ra2+ (59. Rf8 Rd1+ 60. Kh2 Rf1 61.
Ra8 Kf2 62. Ra4 e2 63. Rxf4+ Ke3 $19) 59... Rd2 60. Ra4 Rd1+ 61. Kh2 f3 62.
gxf3 Kf2 63. f4 e2 64. Ra2 Rd4 65. Ra1 Rxf4 66. Rf1+ 0-1

[Event "St Petersburg op2"]
[Site "St Petersburg"]
[Date "1994.??.??"]
[Round "7"]
[White "Tunik, Gennady"]
[Black "Zvjaginsev, Vadim"]
[Result "1-0"]
[WhiteElo "2450"]
[BlackElo "2585"]
[Annotator "Notkin,M"]
[PlyCount "95"]
[EventDate "1994.10.??"]
[EventType "swiss"]
[EventRounds "9"]
[EventCountry "RUS"]
[SourceTitle "CBM 043 Extra"]
[Source "ChessBase"]
[SourceDate "1995.01.01"]
[SourceVersion "1"]
[SourceVersionDate "1995.01.01"]
[SourceQuality "1"]

1. d4 Nf6 2. c4 e6 3. Nf3 d5 4. Nc3 c6 5. e3 Nbd7 6. Bd3 dxc4 7. Bxc4 b5 8. Be2
Bb7 9. O-O a6 10. e4 c5 11. e5 Nd5 12. a4 b4 13. Ne4 cxd4 14. Bg5 Qa5 15. Qxd4
h6 16. Bh4 Qb6 17. Bg3 (17. Qd2 Nc5 (17... b3 18. a5 Qb4 19. Nc3 g5 20. Bg3 $6
(20. Ra4 $1 Nxc3 21. Rxb4 Nxe2+ 22. Qxe2 Bxb4 23. Bg3 $14 {Belov}) 20... Nxc3
21. bxc3 Qe4 $13 {Belov,I-Zvjaginsev,V/RUS/1992/0,5/36/}) 18. Nxc5 Bxc5 19. a5
Qa7 20. Rfc1 O-O 21. Rc4 Rfc8 22. Bd3 Bc6 23. Rg4 Kf8 $6 (23... Ne3 $5 24. Rg3
Kf8 $8 {Khenkin,I-Sherbakov,R/URS/1989/}) 24. Re1 $5 Qc7 $6 25. Bh7 $18 {
Vyzmanavin,A-Sorokin,M/URS(ch)/1991/1:0/32/}) 17... Qxd4 (17... Nc5 18. a5 Qa7
19. Nd6+ Bxd6 20. exd6 O-O 21. Bc4 $14) 18. Nxd4 h5 $6 (18... Nc5 19. Nxc5 (19.
Nd6+ Bxd6 20. exd6 Ne4 $1) 19... Bxc5 20. Nb3 Bb6 21. Rfc1 Kd7 22. Nc5+ $14) (
18... Ne3 $5 19. fxe3 Bxe4 20. Rfc1 Bc5 21. Kf2 O-O 22. Nb3 Rfc8 $10) 19. h4
Ne3 20. fxe3 Bxe4 21. Rfc1 Be7 (21... Bc5 22. Kf2 Bd5 23. Rc2 $14) 22. Bf3 Nc5
23. Rc4 Bd5 (23... O-O 24. Rxc5 $6 (24. Nxe6 $6 fxe6 25. Bxe4 Nxe4 26. Rxe4
Rac8 $15) (24. Bxh5 Rfc8 25. Be2 (25. Rac1 $6 Bd3 26. Rxb4 Ne4) 25... Nd3 $146)
(24. Rxb4 Bxf3 25. gxf3 Ne4 26. Rb7 Nxg3 27. Rxe7 Nf5 28. Nxf5 exf5 $132) (24.
Bxe4 Nxe4 25. Nc6 Nxg3 26. Nxe7+ Kh7 27. Rd1 $5 $14) (24. Rac1 $1 Bxf3 25. gxf3
Nd3 (25... Nxa4 26. Nc6 Bd8 27. Rxb4 Nb6 28. Nxd8 Nd5 29. Nc6 $18)) 24... Bxf3
25. Rc7 Bd8 26. Rc4 Bd5 27. Rxb4 Ba5 $17) 24. Bxd5 exd5 25. Rc2 b3 (25... Kd7
26. Nf5 Ne6 (26... Rhc8 27. Nxe7 {/\ Rac1+-}) 27. Rd1 $16) (25... Ne4 $5 26.
Kh2 Nxg3 (26... Kd7 27. e6+ fxe6 28. Rc7+ Ke8 29. Be5 $16) 27. Kxg3 Kd7 28. Rd1
$16) 26. Rcc1 g6 (26... Kd7 27. Nf5 Rac8 28. Rc3 $5 (28. Nxg7 Nd3 29. Rd1 Nxb2
30. Rxd5+ Kc6 $13) 28... Ne4 29. Rxb3 Nxg3 30. Nxg3 $14) 27. Kh2 $1 Ne4 28. Rc7
$16 Bd8 29. Rc6 g5 30. hxg5 Nxg3 (30... Bxg5 31. Bf4 $16) 31. Kxg3 Rg8 32. g6
$1 Rxg6+ 33. Rxg6 fxg6 34. Rc1 Rb8 35. Rc6 Bb6 (35... Rb6 36. Rxb6 Bxb6 37. Kf4
{/\ Nb3+-}) 36. Kf4 $1 (36. Rxg6 Bxd4 37. Rg8+ Kf7 38. Rxb8 Bxe5+) 36... Kf7 (
36... Bxd4 37. exd4 Rb4 38. e6 $1 Rxd4+ 39. Ke5 Rc4 (39... Rxa4 40. Rc8+ Ke7
41. Rc7+ Ke8 42. Kd6 Rc4 43. Rh7 $18) 40. Rxa6) 37. Rf6+ Kg7 38. Kg5 $6 (38.
Ne6+ Kh6 39. Nf8 Kg7 40. Nd7 $18) 38... Bxd4 39. exd4 Rb4 40. Rxg6+ Kf7 41.
Rxa6 Rxd4 42. Kf5 Rd2 43. e6+ Ke7 44. Ra7+ Kf8 $6 (44... Kd6 45. e7 Re2 46. Kf6
d4 47. Kf7 Rf2+ 48. Ke8 Rxb2 49. Kd8 Re2 50. e8=Q Rxe8+ 51. Kxe8 Ke5 (51... Kc6
52. Ra8 Kc7 53. Ra5 d3 54. Rc5+ {/\Rc3+-/})) 45. Ke5 $1 Rxb2 46. Kd6 Re2 47.
Rb7 b2 48. a5 1-0

[Event "Antwerp op"]
[Site "Antwerp"]
[Date "1995.??.??"]
[Round "7"]
[White "Gurevich, Mikhail"]
[Black "Novikov, Igor A"]
[Result "0-1"]
[WhiteElo "2585"]
[BlackElo "2580"]
[Annotator "Novikov,I"]
[PlyCount "186"]
[EventDate "1995.08.??"]
[EventType "swiss"]
[EventRounds "9"]
[EventCountry "BEL"]
[SourceTitle "CBM 050"]
[Source "ChessBase"]
[SourceDate "1996.02.01"]
[SourceVersion "1"]
[SourceVersionDate "1996.02.01"]
[SourceQuality "1"]

1. c4 e6 2. Nc3 d5 3. d4 c6 4. e3 Nf6 5. Nf3 Nbd7 6. Bd3 dxc4 7. Bxc4 b5 8. Bd3
Bb7 9. a3 b4 10. Ne4 Nxe4 11. Bxe4 bxa3 12. bxa3 Bd6 13. Bd2 Rb8 14. O-O $5 {N/
} c5 $6 (14... O-O $5 {/\ Nf6,c5}) 15. Bxb7 Rxb7 16. Bc3 $1 (16. d5 exd5 17.
Bc3 Nf6 18. Bxf6 Qxf6 19. Qxd5 Rd7 20. Qa8+ Qd8 $14) 16... O-O (16... Nf6 17.
dxc5 Bxc5 18. Qxd8+ Kxd8 19. Rab1 $16) 17. d5 Qe7 18. e4 f6 $8 19. Qc2 Nb6 $6 (
19... exd5 $5 20. exd5 Nb6 {/\ Rd7,Rfd8,Qf7,Bf8 ><d5}) 20. dxe6 Qxe6 21. Rfe1
Nc4 22. Rad1 $5 (22. a4 Ne5 23. Bxe5 Bxe5 24. Rac1 Bd4 $10) 22... Nxa3 23. Qc1
(23. Qd3 $6 Rb3 $1) 23... Nc4 24. Nh4 $1 $146 Re8 25. f4 Bf8 26. Nf3 {/\ 27.
e5|^} Qf7 $6 (26... h6 $5 {>< g5}) 27. e5 fxe5 28. fxe5 (28. Ng5 Qf5) 28... h6
29. Qc2 Qe6 30. Nh4 Nb6 31. Ba1 Rf7 32. Ng6 Nd5 33. Qe4 Nb4 34. Nf4 Qf5 35. e6
Qxe4 36. Rxe4 Rfe7 $6 (36... Rb7 $5) 37. Rf1 $1 {/\ 38.Ng6 Rb7 39.Rf7! Rf7 40.
ef7 Kf7 41.Nh8+-} Kh7 38. Nh5 $2 {()} (38. h4 $1 {/\ h5,Ng6+-} h5 $8 (38... g5
39. Nh5 $1 Kg6 40. Nf6 {/\ h5+-}) (38... g6 39. h5 $18) 39. Nxh5 (39. Re5 g6
40. Nxg6 Kxg6 41. Rg5+ Kh7 42. Rxh5+ Kg6 43. Rg5+ Kh7 44. Rf6 Bg7 (44... Bh6
45. Rh5 $18) (44... Nc2 45. Rh5+ Kg8 46. Rh8+ $1 Kxh8 47. Rh6+ Kg8 48. Rh8#) (
44... Rxe6 45. Rh5+ Kg8 46. Rh8+ Kxh8 47. Rxe6+ $18) (44... Rg7 45. Rxf8 Rxg5
46. Rxe8 Rg8 $8 47. Re7+ Kg6 48. Rxa7 $16) 45. Rh5+ (45. Rf7 $2 Rxf7 46. exf7
Re1+ $19) 45... Kg8 46. Rg6 Nc2 47. Bf6 Nd4 48. Bxe7 Rxe7 49. Rxc5 $13) 39...
Nc2 (39... c4 40. Rxc4 (40. Nf4 $6 Nd3 $1 41. Nd5 Rxe6 42. Rxe6 Bc5+ $1) 40...
Rxe6 41. Rc7 R6e7 (41... Nd5 42. Rxg7+ $1 Bxg7 43. Nxg7 $16) 42. Rxe7 Bxe7 43.
Nxg7 $16) (39... Nd3 40. Rf3 c4 41. Rxc4 Rxe6 42. Bxg7 $1 (42. Nxg7 Re1+ 43.
Kh2 Bd6+ 44. g3 (44. Kh3 R8e3 $1 {/\ Nf2#}) 44... R8e2+ 45. Kh3 Nf2+ 46. Rxf2
Rxf2) 42... Re1+ 43. Kh2 Bd6+ 44. Kh3 (44. g3 R8e2+ 45. Kh3 Nf2+ 46. Rxf2 Rxf2
$13) 44... R8e3 45. Kg4 $8 Re4+ (45... Be5 46. Rxe3 Rxe3 47. Bf8 $16) 46. Rxe4
Rxe4+ 47. Kg5 (47. Kh3 Re3 $1) (47. Kf5 Rxh4) 47... Be7+ 48. Bf6 Ne5 49. Kf5 $1
$16) 40. Bc3 (40. Nf4 Nxa1 41. Rxa1 Rb7 $13 {/\ Rb4}) 40... Nd4 41. Nf4 Rb7 $13
{/\ Bd6}) 38... Nc2 $15 39. Bc3 Nd4 40. Bxd4 cxd4 41. Ref4 Kg8 42. Rg4 Rxe6 $1
$17 43. Nf6+ Rxf6 44. Rxf6 d3 45. Rxf8+ $8 Kxf8 46. Rd4 a5 47. Rxd3 Ra8 48. Kf2
a4 49. Ra3 Ke7 50. Ke3 Kd6 51. Kd4 Ra5 52. Kc4 Rg5 (52... Ke5 53. Re3+ Kf4 54.
Rf3+ Ke4 55. Kb4 Rg5 56. Rf2 Ke3 $17) 53. Ra2 Rh5 54. h3 Re5 55. Rb2 Ra5 56.
Rd2+ Ke6 57. Kb4 Rd5 58. Rf2 Rd4+ 59. Kc3 Re4 60. Rf8 a3 61. Ra8 Re3+ 62. Kd4
Rg3 63. Ke4 h5 64. Ra6+ Kd7 65. Kd5 Kc7 66. Kc5 Kb7 67. Ra4 g5 68. Ra5 h4 69.
Kd4 $2 (69. Kc4) 69... Kc6 $2 (69... g4 $1 70. hxg4 Rxg4+ 71. Kc3 Rxg2 $19) 70.
Kc4 Kb6 (70... g4 71. hxg4 Rxg4+ 72. Kb3 $10) 71. Ra8 Rxg2 72. Rxa3 Rg3 73. Rd3
$1 Kc6 (73... Rxd3 74. Kxd3 g4 75. Ke3 $1 g3 76. Kf3 $10) 74. Rd5 (74. Kd4 g4
75. hxg4 (75. Rxg3 hxg3 76. Ke3 gxh3 $19) (75. Re3 Rxh3 $19) 75... Rxd3+ 76.
Kxd3 h3 $19) 74... g4 (74... Rc3+ 75. Kxc3 Kxd5 76. Kd3 g4 77. Ke3 $1 g3 78.
Kf3 $10) 75. Rd4 (75. Rg5 gxh3 76. Rh5 (76. Rc5+ Kd6 77. Rd5+ Ke6 78. Rd2 Rg2
79. Rd3 h2 80. Rh3 Kf5 $19) 76... Rg4+ 77. Kd3 h2 $19) 75... Ra3 $3 (75... Rxh3
76. Rxg4 Rh1 77. Rg6+ Kd7 78. Rh6 h3 (78... Ke7 79. Kd3 h3 80. Ke2 h2 81. Kf2
$10) 79. Kc3 Ke7 80. Kb2 Kf7 81. Ra6 $1 $10 (81. Rc6 $4 $19)) 76. Kb4 (76. Re4
g3 77. Re6+ (77. Re1 g2 78. Rg1 Rg3 79. Kd4 Kb5 {/\ Kb5-b4-b3-c2-d2-e2-f2 -+})
77... Kd7 78. Rg6 Ra1 79. Kd5 Rd1+ 80. Ke4 Rh1 81. Kd5 (81. Kf3 Rxh3 82. Kg2
Rh2+ 83. Kg1 Ke7 $19 {R 4/b - ECE/498}) 81... Rxh3 82. Rg7+ Ke8 83. Ke6 Kf8 84.
Rg4 Rh1 $19) 76... Rxh3 77. Rxg4 Kd5 78. Rg5+ Ke4 79. Rh5 Rh1 80. Kc3 h3 81.
Rh8 Kf4 82. Kc2 Kg3 83. Rg8+ Kh2 84. Kd2 Rg1 $19 {R 3/g ECE/369} 85. Rf8 Kg2
86. Rg8+ Kh1 87. Rh8 h2 88. Ke3 Kg2 89. Rg8+ Kf1 90. Rf8+ Ke1 91. Rb8 (91. Ra8
Kd1 $2 (91... Rg3+ $1 $19) 92. Ra1+ Kc2 93. Ra2+ $10) 91... Rg3+ (91... Kd1 $19
) 92. Kf4 Rf3+ 93. Kg4 Rf1 0-1

[Event "Olympiad-30"]
[Site "Manila"]
[Date "1992.06.22"]
[Round "13.3"]
[White "Alterman, Boris"]
[Black "Dreev, Alexey"]
[Result "1-0"]
[WhiteElo "2515"]
[BlackElo "2580"]
[Annotator "Pein,M"]
[PlyCount "87"]
[EventDate "1992.06.08"]
[EventType "team-swiss"]
[EventRounds "14"]
[EventCountry "PHI"]
[SourceTitle "CBM 030"]
[Source "ChessBase"]
[SourceDate "1992.10.01"]
[SourceVersion "1"]
[SourceVersionDate "1992.10.01"]
[SourceQuality "1"]
[WhiteTeam "Israel"]
[BlackTeam "Russia"]
[WhiteTeamCountry "ISR"]
[BlackTeamCountry "RUS"]

1. d4 {Boris Alterman now lives in Beersheva after emigrating to Israel just
over a year ago. His most notable achievement was victory in Europe's largest
open tournament, the Berlin Summer Open, in August 1991} d5 2. c4 c6 3. Nf3 Nf6
4. Nc3 e6 5. e3 Nbd7 {Dreev, a former Wch-quarter finalist plays the sharp
Meran Defence where Black often grabs material and hopes to withstand the
White attack.} 6. Bd3 dxc4 7. Bxc4 b5 8. Bd3 Bb7 9. e4 b4 10. Na4 c5 11. e5 Nd5
12. O-O cxd4 (12... h6 $5 {Oll,L} 13. a3 $6 a6 14. Re1 Rc8 $1 15. axb4 c4 $1
16. Be4 Bxb4 17. Bd2 a5 18. Nc3 N7b6 19. Bc2 O-O 20. Qe2 Ne7 21. Rad1 Ng6 22.
Ne4 Nd5 $15 {Piket,J-Oll,L/Manila olm (13)/1992/0-1/62/}) 13. Re1 (13. Nxd4
Nxe5 14. Bb5+ Nd7 15. Re1 Rc8 16. Qh5 g6 17. Qe2 Qe7 $5 {Dreev} (17... a6 {
main line}) 18. Bg5 Qxg5 19. Nxe6 Qxg2+ $1 20. Kxg2 Nf4+ 21. Kf1 Nxe2 22. Rad1
fxe6 23. Bxd7+ Kf7 24. Bxc8 Bxc8 25. Kxe2 Ba6+ 26. Ke3 $44) 13... g6 14. Bd2 $5
Bg7 (14... a6 15. Be4 {><b4}) 15. Bb5 $1 {A brilliant move, if 15..0-0 then 16.
Bg5, and Black must play the horrible 16..f6 to save his Nd7. Now the threat
is Nc5.} a6 $6 (15... Rc8 $1) 16. Nc5 $1 {Now Black loses the right to castle
and his king never reaches safety} axb5 17. Nxb7 Qb6 18. Nd6+ Ke7 {If 18..Kf8
19.Ng5 now 19.Ng5 can be met by 19..Raf8} 19. Bg5+ Kf8 20. Rc1 $1 {White
siezes the c file and now all his peices are working. 20..Rxa2 21.Rc8+ wins.}
h6 21. Bh4 Kg8 {Black hurries to activate his Rh8 before White can organise
Nxd4 and Nxe6+} 22. Bg3 {By defending e5 again White finally prepares Nxd4 and
Rc6} Kh7 {Black gives back a pawn} 23. Nxf7 Rhf8 24. Nd6 Nf4 25. Qd2 Nh5 26.
Nxd4 {Attacking the new weakness} Nxg3 27. hxg3 Bxe5 28. Nxe6 {^D Threats are
Rc7 and Nxf8+, Black cannot deal with both.} Bxd6 29. Nxf8+ Rxf8 30. Re6 {
Winning material, Black wriggles but the hanging pieces on d6 & d7 can never
move without being lost.} Rf6 31. Rce1 Qc5 32. R1e3 h5 33. Re2 Kg7 34. Re1 Kf7
35. Qe2 {Creating the winning threat of Rxd6, Qe8+ and Re7+, Black gives up
material but reaches a lost endgame.} Ne5 36. Rxd6 Rxd6 37. Qxe5 Qxe5 38. Rxe5
Rd2 39. b3 $1 {The key move, after 39..Rxa2 40.Rxb5 the b4 pawn falls as well.}
Rd1+ 40. Kh2 Rd2 41. f3 Rxa2 42. Rxb5 Ra1 43. Rxb4 g5 44. Rb8 {The winning
plan is well known, the b-pawn goes to b7, after which the threat is Rh8, ..
Rxb7 Rh7+ winning a rook. So the Black king must stay on g7/h7 to guard h8.
Then f4-f5-f6 forces the king out, so Black resigns.} 1-0

[Event "Bundesliga 0001"]
[Site "Germany"]
[Date "2001.01.28"]
[Round "7.5"]
[White "Jackelen, Thomas"]
[Black "Pelletier, Yannick"]
[Result "0-1"]
[WhiteElo "2373"]
[BlackElo "2474"]
[Annotator "Pelletier,Y"]
[PlyCount "72"]
[EventDate "2000.10.14"]
[EventType "team-tourn"]
[EventRounds "15"]
[EventCountry "GER"]
[SourceTitle "CBM 082"]
[Source "ChessBase"]
[SourceDate "2001.05.17"]
[SourceVersion "1"]
[SourceVersionDate "2001.05.17"]
[SourceQuality "1"]
[WhiteTeam "Godesberg"]
[BlackTeam "Werder Bremen"]
[WhiteTeamCountry "GER"]
[BlackTeamCountry "GER"]

1. Nf3 d5 2. c4 e6 3. d4 Nf6 4. Nc3 Nbd7 5. e3 a6 6. Qc2 $6 {Die Dame steht
auf der c-Linie exponiert, deshalb sollte dieser Zug erst nach dem Abtausch
auf d5 folgen.} (6. cxd5 exd5 7. Qc2) (6. b3) 6... dxc4 7. Bxc4 b5 8. Be2 Bb7
9. O-O c5 10. Rd1 Rc8 {[%csl Rc2][%cal Gb5b4]} 11. dxc5 Bxc5 12. a3 Qc7 {
Auf b6 steht die schwarze Dame normalerweise besser, aber ich wollte den
zweifellhaften 6. Zug meines Gegners bestrafen...} 13. Bd2 (13. h3 $6 Ba7 $40)
13... Ng4 $6 {Weiterhin ganz optimistisch gespielt.} (13... O-O {sollte
geschehen, denn nun reagiert Weiss ganz geschickt!}) 14. Ne4 $1 (14. g3 $2 Qc6
$17) (14. h3 Bxf3 15. hxg4 (15. Bxf3 Qh2+ 16. Kf1 Nge5 $40) 15... Bxe2 16. Nxe2
Nf6 17. b4 Nxg4 $5 (17... Bb6 $11) 18. bxc5 Qh2+ 19. Kf1 Qh1+ 20. Ng1 Nh2+ 21.
Ke2 Qxg2 $44) 14... f5 15. Nxc5 (15. Neg5 $2 Bxf3 (15... Qb6 $5 $36) 16. Nxf3
Nxf2 (16... Bxe3 17. Qxc7 Bxf2+ 18. Kf1 Rxc7 19. h3 Bb6 (19... Ne3+ 20. Kxf2
Nxd1+ 21. Rxd1 $14) 20. hxg4 fxg4 21. Ng5 O-O+ 22. Ke1 Bf2+ 23. Kf1 $11) 17.
Qb3 Nxd1 18. Qxe6+ Be7 19. Rxd1 Nc5 20. Qxf5 g6 $15 {/\ 0-0}) 15... Bxf3 $2 {
Wer A sagt, ... Aber eben, im Schach braucht man das Alphabeth nicht zu kennen
...} ({Genug zum Ausgleich war} 15... Nxc5 16. b4 Na4 17. Qxc7 Rxc7 $11) 16.
Bxf3 Qxh2+ 17. Kf1 Rxc5 (17... Nxc5 18. Bb4 $1 $16) 18. Qb3 {[%csl Re8][%cal
Gd2b4] Obwohl Schwarz gerade auf h2 mit seiner Dame geschlagen hat, gerät
nicht der weisse sondern der andere König in Bedrängnis.} Rc4 19. Rac1 Nde5 (
19... Nge5 20. Rxc4 bxc4 $140 21. Qb7 O-O 22. Qxa6 $16) (19... O-O 20. Rxc4
bxc4 21. Qxc4 $16) (19... Qc7 20. Be2 $1 $16) 20. Rxc4 Nxc4 ({Ich konnte keine
Alternative finden, die meine Probleme lösen bzw. mindern würde. Auch im Fall
von} 20... bxc4 21. Qb8+ Kf7 22. Qb7+ $1 (22. Qxh8 Nxf3 23. Be1 Qh1+ 24. Ke2
Ng1+ 25. Kd2 Qxg2 26. Kc1 Nf6 {kann fast als unklar bezeichnet werden}) 22...
Kg6 23. Bxg4 Nxg4 (23... fxg4 24. Bc3 $18) 24. Bc3 {verbleibt Weiss im Vorteil.
}) 21. Bb4 (21. a4 $6 {ist zu langsam. Schwarz braucht in der Tat nur ein
kleines Tempo, um wieder die Initiative zu ergreifen:} O-O 22. axb5 axb5 23.
Qxb5 Nxd2+ $1 (23... Nce5 $13) 24. Rxd2 Qh1+ 25. Ke2 Qg1 $1 26. Bxg4 fxg4 $40)
21... Nge5 (21... Qh1+ 22. Ke2 Qh4 23. g3 $16) 22. Qc3 a5 ({Nach} 22... Kf7 {
kommt genau das gleiche Mannöver:} 23. Qd4 $1 (23. b3 a5 24. bxc4 $140 axb4 25.
Qxb4 bxc4 $17) 23... Kg6 24. b3 $1 (24. Bc3 $5 $40) 24... Nxf3 25. gxf3 Ne5 26.
Bc3 $1 Qh1+ 27. Ke2 Qxf3+ 28. Kd2 Qxf2+ 29. Kc1 $16) 23. Bc5 $2 ({Während der
Partie hielt ich} 23. Bxa5 $2 {für der stärkste Zug, aber eigentlich kann sich
Schwarz mittels} O-O 24. Bc7 Rc8 25. Bxe5 (25. Rd7 $4 Qh1+ 26. Ke2 Nxd7) 25...
Qxe5 26. Rd4 $5 (26. Qxe5 Nxe5 27. Be2 Rc2 $11) 26... Qc7 {retten.}) ({Erst in
der gemeinsamen Analyse fanden wir das schwierige Mannöver} 23. Qd4 $1 Kf7 ({
oder} 23... axb4 24. Qd8+ Kf7 25. Qxh8 Nxb2 26. Rd8 Qh1+ (26... Nbd3 $2 27.
Bh5+ $18) 27. Ke2 bxa3 (27... Nbd3 28. Qg8+ $18) 28. Qg8+ Kf6 29. Rd6 $18) 24.
Bc3 $1 {[%csl Rc4,Re5][%cal Gc3g7] Die schwarzen Springer sind nun total
gelähmt, wobei einfach 25.b3 droht. Der Sieg wäre nur noch Frage der Zeit:} b4
(24... a4 25. Qa7+ Kf6 (25... Kg6 26. Qe7 $18) 26. Qc7 g5 27. Rd7 g4 28. Bd5 $1
$18) 25. axb4 axb4 26. Bxb4 Kg6 27. Bc3 Rb8 28. Qa7 Rb6 29. Qe7 $1 {(/\Rd7)}
Ra6 30. e4 $1 $18) 23... Kf7 24. b3 Rc8 {Dank dieses Schusses auf den Bc5 kann
Schwarz atmen.} 25. b4 $2 ({Richtig war} 25. Qd4 {, auch wenn ich in der
Partie das Endspiel nach} Nb2 $1 26. Rd2 Nbd3 27. Rxd3 Rxc5 28. Qxc5 Qh1+ 29.
Ke2 Qe1+ $1 30. Kxe1 Nxd3+ 31. Kd2 Nxc5 {falsch einschätzte. Schwarz muss nun
sehr genau spielen:} 32. Kc3 Na6 $1 33. Bb7 (33. b4 axb4+ 34. axb4 Ke7) (33. a4
bxa4 34. bxa4 Nc5) 33... b4+ 34. axb4 Nxb4 {Die Remischancen des Anziehenden
bleiben intakt.}) (25. Bd4 $6 Nxf3 26. gxf3 Nb6 $1 27. Qxa5 Rc2 28. Rd2 (28.
Qa7+ Ke8 $19) 28... Rc1+ 29. Ke2 Qg1 30. Qa7+ Kg8 31. e4 f4 32. Qxg7+ Qxg7 33.
Bxg7 Kxg7 34. Rd6 Nc8 35. Rxe6 Rc2+ 36. Ke1 Rc3 $19) 25... axb4 (25... Nxf3 $4
26. Rd7+ Ke8 27. Qxg7 $18) 26. axb4 Rc7 {Der schwarze Monarch riskiert nun
kaum mehr was.} 27. Rd8 (27. Ke2 $142 Nxf3 28. gxf3 Qh4 $17) 27... Qh4 $1 28.
Rf8+ Kg6 29. g3 Qh2 30. Bg2 Rd7 31. Bd4 Qh5 $1 32. Qc2 Nf3 33. Bxf3 Qxf3 {
(/\ Nxe3)} 34. Ke1 e5 35. Bc3 Nxe3 36. fxe3 Qh1+ 0-1